000 00559nam a2200205Ia 4500
008 241004s9999 xx 000 0 und d
020 _a9780197519561
037 _aTextbook
040 _aARTS
_beng
_cARTS
041 _aeng
_2eng
084 _aG:6 R0
_qARTS
100 _aEvans John H. Au.
_9724601
245 _aHuman gene editing debate
_cEvans John H. Au.
260 _aUSA
_bOxford Oxford University Press
_c2020
300 _avi,200p.
365 _aUSD
_b35
650 _aBiology
942 _cTB
_hG:6 R0
999 _c1218742
_d1218742